| 000 | 01076nam0a22002531i 4500 | ||
|---|---|---|---|
| 001 | rc\3482203 | ||
| 005 | 20260405094507.0 | ||
| 021 |
_aRU _b[75-1707а] |
||
| 035 | _a(NLR Aleph) 007602467 | ||
| 090 |
_a5729285 _c5729285 |
||
| 100 | _a20130115d1974 |||y0rusy50 ca | ||
| 101 | 0 | _arus | |
| 102 | _aRU | ||
| 105 | _ay d ||||| | ||
| 200 | 1 |
_aЛексическое значение в слове и словосочетании _e(На материале англ. яз.) _eАвтореф. дис. на соиск. учен. степени д-ра филол. наук _e(10.02.04) _fЛенингр. гос. пед. ин-т им. А.И. Герцена |
|
| 210 |
_aЛенинград _d1974 |
||
| 215 | _a44 с. | ||
| 320 | _aСписок работ авт.: с. 43-44 (18 назв.) | ||
| 700 | 1 |
_8rus _7ca _aНикитин _bМ. В. _cд-р филол. наук, англ. язык _f1929-2009 _gМихаил Васильевич _3RU\NLR\AUTH\7735189 _918187 |
|
| 801 | 0 |
_aRU _bNLR _gpsbo |
|
| 801 | 1 |
_aRU _bELAR _2rusmarc |
|
| 852 |
_aNLR _j74-6/7865 |
||
| 942 | _cBOOK | ||